| Registos Bibliográficos associados ao registo de autoridade |
|
Etiqueta de registo: 00254nbm 2200025 450 001 2286800 003 http://id.bnportugal.gov.pt/bib/catbnp/2286800 100 ## $a20260525d19271928k y0pory01030103ba 101 0# $apor 102 ## $aPT 105 ## $ay z 000yy 106 ## $ah 200 1# $a [ Ordens de Serviço de Fidelino de Figueiredo, Director da Biblioteca Nacional de
Lisboa, relativas à gestão de pessoal, nomeadamente, faltas, vencimentos, horário
de trabalho, marcação de ponto, situações de indisciplina, substituição de funcionários
por suspensão de exercício, admissões, concursos, e referentes ao funcionamento da
biblioteca, designadamente, organização, regulamentos, regras de catalogação, aquisições,
remodelação do serviço de empréstimo, convocação de reuniões, vigilância na sala de
leitura, queixas dos leitores, entre outros assuntos] 210 #1 $aLisboa,$d17 de Fevereito de 1927-22 de Dezembor de 1928 215 ## $a68 doc. (74 f.)$d28 cm 300 ## $aCópias e originais assinados por Fidelino de Figueiredo, Pedro de Azevedo e Joaquim
Gualdino Gomes 321 1# $aInventário do Arquivo Histórico da Biblioteca Nacional: 1796-1950. Lisboa: BN, 1996.
P. 56-57 700 #1 $aFigueiredo,$bFidelino de,$f1888-1967$337830 701 #1 $aAzevedo,$bPedro de,$f1869-1928$4070$312289 701 #1 $aGomes,$bJoaquim Gualdino,$f1858-1948$4070$31760933 801 #0 $aPT$bBN$gRPC 966 ## $lBN$mRESARQ$sAHBN/CR/08/Cx. 02-Mc. 05- 01-66 971 ## $cmrosario$d20260525
Etiqueta de registo: 00254nbm 2200025 450 001 2027992 003 http://id.bnportugal.gov.pt/bib/catbnp/2027992 100 ## $a20190827j19041907k y0pory01030103ba 101 0# $apor 102 ## $aPT 105 ## $ay z 000yy 106 ## $ah 200 1# $a [ Cartas de Joaquim Gualdino Gomes para Jerónimo Silva e Xavier da Cunha sobre assuntos
particulares]$bManuscrito] 210 #1 $d1904, 1907 215 ## $a[2] docs.$d18 cm 300 ## $aOriginais assinados 304 ## $aConjunto constituído por duas cartas enviadas por Gualdino Gomes para: Jerónimo Silva,
("Braga, 20-VIII-1904") solicitando que lhe envie a correspondência para uma morada
na Figueira da Foz, e a Xavier da Cunha ("Figueira da Foz, 30-9º-1907") "para lhe
pedir mais dois dias" 304 ## $aSegundo informação recente constante no documento o autor foi "funccionario extraordinariamente
contractado pelo Ministerio do Reino para serviços bibliographicos da Bibliotheca
Nacional de Lisboa. Em 1912 entrou definitivamente no quadro, sendo nomeado para um
dos logares de Segundo Bibliothecario" 304 ## $aXavier da Cunha foi segundo conservador da Biblioteca Nacional de Lisboa a partir
de 1886 e seu director entre 1902 e 1911 317 ## $aDoação de Maria Elisa Soares Bastos à Biblioteca Nacional, formalizada em 2019, constituída
na sua maioria por documentos do acervo do Dr. Jorge de Faria 321 1# $aSobre a actividade do autor na BNL cfr.: Cunha, Xavier da - Relatório dos serviços
da Biblioteca Nacional de Lisboa no quarto trimestre de 1903. Boletim das Bibliotecas
e Arquivos Nacionais. Coimbra. N. 4 (Out..-Dez. 1903), p. 206-207 700 #1 $aGomes,$bJoaquim Gualdino,$f1858-1948$31760933 702 #1 $aBastos,$bMaria Elisa Soares,$f1929-$4320$31762333 702 #1 $aCunha,$bXavier da,$f1840-1920$4660$344977 702 #1 $aFaria,$bJorge Brandão Figueiredo de,$f1888-1960$4390$3126503 801 #0 $aPT$bBN$gRPC 966 ## $lBN$mRESMAN$sMSS. 262, n. 45 $x3 997 ## $aBIBEOD
Etiqueta de registo: 00254nbm 2200025 450 001 2286675 003 http://id.bnportugal.gov.pt/bib/catbnp/2286675 100 ## $a20260521d k y0pory01030103ba 101 0# $apor 102 ## $aPT 105 ## $ay z 000yy 106 ## $ah 200 1# $a [ Ordens de Serviço e Avisos de Raúl Proença, Jaime Cortesão, e Fidelino de Figueiredo,
relativas às responsabilidades dos Serviços Técnicos, convocação de reuniões, medidas
para impedir roubos, tolerâncias de ponto, horário de trabalho, suspensão de funcionários,
vencimentos, recompensas, reprensões por comportamento inadequado, justificação de
faltas, trabalho extraordinário, escalas de serviço, substituição na ausência de funcionários,
aquisição de obras, elaboração de catálogos, regras de catalogação, arrumação de livros,procedimentos
a adoptar pelos funcionários em cumprimento dos regulamentos da Biblioteca e legislação,
nomeadamente, normas de disciplina e sigilo, o uso particular de livros pelo funcionários,
colocação de tábua indicadora quando se retira os livros da estante, preenchimento
de senhas de leitura, presença de pessoas estranhas em determinados espaços, vigilância
da sala diurna e nocturna] 210 #1 $aLisboa,$d24 de Novembro de 1919- 22 de Dezembro de 1928 215 ## $a303 doc. (321 f.)$d30 cm 300 ## $aOriginais assinados por Raúl Proença, Jaime Cortesão, Fidelino de Figueiredo, António
Augusto Ferreira de Macedo, Pedro de Azevedo e Joaquim Gualdino Gomes 321 1# $aInventário do Arquivo Histórico da Biblioteca Nacional: 1796-1950. Lisboa: BN, 1996.
P. 56-57 700 #1 $aCortesão,$bJaime,$f1884-1960$319278 701 #1 $aMacedo,$bAntónio Augusto Ferreira de,$f1887-1959$4070$360049 701 #1 $aProença,$bRaúl,$f1884-1941$4070$319283 701 #1 $aFigueiredo,$bFidelino de,$f1888-1967$4070$337830 701 #1 $aAzevedo,$bPedro de,$f1869-1928$4070$312289 701 #1 $aGomes,$bJoaquim Gualdino,$f1858-1948$4070$31760933 801 #0 $aPT$bBN$gRPC 966 ## $lBN$mRESARQ$sAHBN/CR/08/Cx. 02-Mc. 04-01-303 971 ## $cmrosario$d20260522
|
|
|